000 01502nam0a22003371 4500
001 v19\rc\1633466
005 20061002123338.9
035 _a(NLR Aleph) 004748255
090 _a4525074
_c4525074
100 _a20061002d1900 |||y0rusy50 ca
101 0 _arus
102 _aRU
105 _ay z |||||
200 1 _aОсновы этики В.С. Соловьева
_eЭтюд проф. А.А. Бронзова
210 _aСанкт-Петербург
_cтип. А.П. Лопухина
_d1900
215 _a52 с.
_d25
300 _aЗагл. на кол.: Памяти В.С. Соловьева. (Несколько слов об его этических воззрениях)
309 _aБез тит. л.
316 _aЭкз. РНБ (17.142.4.101): с автогр. авт.
_5NLR: 17.142.4.101
517 0 _aПамяти В.С. Соловьева
_e(Несколько слов об его этических воззрениях)
532 1 0 _aОсновы этики Владимира Сергеевича Соловьева
700 1 _aБронзов
_bА. А.
_f1858-1919
_gАлександр Александрович
702 1 _aСоловьев
_bВ. С.
_cфилософ; поэт
_f1853-1900
_gВладимир Сергеевич
_3RU\NLR\auth\777693
_4070
801 0 _aRU
_bNLR
_gpsbo
801 0 _aRU
_bRuMoRGB
_2psbo
801 1 _aRU
_bProSoft-M
_2rusmarc
852 _aNLR
_j17.142.4.101
899 _aRuMoRGB
_jU 126/1738
899 _aГПИБ
942 _cBOOK
980 _aNB